Statistics for Countries with 2 Unique Land Neighbors

Click here to take the quiz!

General Stats

  • This quiz has been taken 31 times
    (25 since last reset)
  • The average score is 23 of 24

Answer Stats

Neighboring Country 1Neighboring Country 2Answer% Correct
FranceSpainAndorra
100%
IndiaMyanmarBangladesh
100%
GuatemalaMexicoBelize
100%
ChinaIndiaBhutan | Nepal
100%
NicaraguaPanamaCosta Rica
100%
ColombiaPeruEcuador
100%
GuatemalaHondurasEl Salvador
96%
CameroonGabonEquatorial Guinea
96%
LatviaRussiaEstonia
96%
AlgeriaLibyaTunisia
96%
MozambiqueSouth AfricaEswatini
92%
GuineaSenegalGuinea-Bissau
92%
IraqSaudi ArabiaKuwait
92%
IsraelSyriaLebanon
92%
AustriaSwitzerlandLiechtenstein
92%
RomaniaUkraineMoldova
92%
ChinaRussiaMongolia
92%
Costa RicaHondurasNicaragua
92%
Costa RicaColombiaPanama
92%
GuineaLiberiaSierra Leone
92%
FinlandNorwaySweden
92%
OmanSaudi ArabiaUnited Arab Emirates | Yemen
92%
CanadaMexicoUnited States
92%
ArgentinaBrazilUruguay
92%

Score Distribution

Percentile by Number Answered

Percent of People with Each Score

Your Score History

You have not taken this quiz since the last reset